Music Quiz

Random Music Quiz

Have a Nice Day - Bon Jovi Quiz Stats

 Plays Quiz not verified by Sporcle

Support Sporcle.
Go Orange.
Score 0/27 Timer 05:00
0 Plays Today
First Lyric Finishing Lyric % Correct
Why you wanna tell mehow to live my life
94.5%
Who are you to tell meif its black or white
85.8%
Is innocence the differencebetween a boy and a man
76.5%
That gets methrough the night
71.6%
Shininglike a diamond
70.5%
Imgonna live my life
67.8%
I aint gonna dowhat I dont want to
66.7%
Mama can you hear me?try to understand
66.1%
I sayHave a nice day
66.1%
Havea nice day
63.4%
Rollingwith the dice
60.1%
Sacrificed his lifejust slavin away
59%
When the world getsin my face
55.7%
Ohh, if theres onething i hang onto
53.6%
First Lyric Finishing Lyric % Correct
I knocked onevery door
43.2%
Take a look around younothings what it seems
42.1%
Have a nice dayhave a nice day
41%
I say, heyhave a nice day
40.4%
We're living in thebroken home of hopes and dreams
37.2%
down everydead end street
36.6%
Anybody braveenough to take a stand
36.1%
Looking for forgiveness and whats left to believe
31.1%
Let me be the first toshake a helping hand
27.3%
When the world keeps trying,to drag me down
26.2%
My dadda lived a lieits just the price that he paid
25.1%
I've gotta raise my handsgonna stand my ground
21.3%
Standing on the ledgeshowing the wind how to fly
15.3%

You're not logged in!

Compare scores with friends on all Sporcle quizzes.
OR
Log In

From the Vault

North of Africa

by ImpromptuJ

South Africa would be a very silly guess indeed.
Remove Ads.
Support Sporcle.
Get the best of Sporcle when you Go Orange. This ad-free experience offers more features, more stats, and more fun while also helping to support Sporcle. Thank you for becoming a member.

Show Comments

Extras

Created Feb 26, 2011ReportNominate
Tags:Bon Jovi

Top Quizzes Today


Score Distribution

Your Account Isn't Verified!

In order to create a playlist on Sporcle, you need to verify the email address you used during registration. Go to your Sporcle Settings to finish the process.

Report this User

Report this user for behavior that violates our Community Guidelines.

Details: